Statistiques concernant WWE Champions

Cliquez ici pour prendre le quiz!

Statistiques générales

  • Ce quiz a été pris 908 fois
  • Le résultat moyen est 12 sur 18

Statistiques - réponses

HintRéponse% Correct
2005John Cena
96%
2007Randy Orton
90%
2022Roman Reigns
90%
2014Brock Lesnar
84%
2015Seth Rollins
81%
2006Edge
73%
2009Batista
71%
2012CM Punk
71%
2016Dean Ambrose
68%
2013Daniel Bryan
58%
2011Rey Mysterio
58%
2010The Miz
57%
2018AJ Styles
55%
2020Drew McIntyre
55%
2019Kofi Kingston
54%
2008Jeff Hardy
51%
2017Jinder Mahal
43%
2021Bobby Lashley
42%

Distribution des résultats

Percentile par nombre de réponses

% des personnes avec chaque résultat

Votre développement - résultats

Vous n’avez pas pris ce quiz